000
00236 a2200109 4500
245
_a
Stanlakes Introductory Economics
_h
Text
020
_a
9780582405486
100
_a
S.J Grant
650
_a
ECONOMICS
005
20191021095930.0
260
_c
2000
084
_a
NONE
999
_c
12859
_d
12859